| 000 | 00515nam a2200157 i 4500 | ||
|---|---|---|---|
| 001 | 69491 | ||
| 003 | ES-MaACL | ||
| 005 | 20230906170530.0 | ||
| 008 | 040706s1933 sp |||| | spa d | ||
| 100 | 1 |
_aGarcía Cortés, Mariano. _954387 |
|
| 245 | 1 | 3 |
_aEl gobierno municipal _b: antecedentes, observaciones y experiencias / _cMariano García Cortés. |
| 260 |
_aMadrid : _b[s.n., _c1933] ( _fC. Bermejo) |
||
| 300 |
_a277 p. ; _c19 cm. |
||
| 650 | 4 |
_aAdministración municipal. _9135500 |
|
| 852 |
_aES-MaACL _jB-12556 |
||
| 999 |
_c69491 _d69491 |
||